| 000 | 00579nam a2200205 i 4500 | ||
|---|---|---|---|
| 001 | bg | ||
| 100 | 1 | _aHALAUNBRENNER, Jadwiga | |
| 245 | 0 |
_aĆwiczenia laboratoryjne z fizyki / _cJadwiga Halaunbrenner, Mieczysław Kmiecik ; Politechnika Krakowska. |
|
| 250 | _aWyd.5 popr. i uzup. | ||
| 260 |
_aKraków : _bPK, _c1982. |
||
| 300 |
_a287 s. : _brys. ; _c24 cm. |
||
| 650 | 9 | _aFizyka | |
| 655 | _aĆwiczenia i zadania | ||
| 700 | 1 | _aKMIECIK, Mieczysław | |
| 040 | _cBPK | ||
| 041 | _apol | ||
| 080 | _a53(076) | ||
| 942 | _cKS | ||
| 008 | s pl f |000 0 pol | ||
| 999 |
_c21219 _d21219 |
||
| 856 |
_uhttp://koha.tu.koszalin.pl/cgi-bin/koha/opac-detail.pl?biblionumber=21219 _yKatalog online BPK |
||